Midnight Massacre in Dacca / (Record no. 28801)
[ view plain ]
| 000 -LEADER | |
|---|---|
| fixed length control field | 00898nam a22001937a 4500 |
| 003 - CONTROL NUMBER IDENTIFIER | |
| control field | BDDh-ASL |
| 005 - DATE AND TIME OF LATEST TRANSACTION | |
| control field | 20231015030954.0 |
| 008 - FIXED-LENGTH DATA ELEMENTS--GENERAL INFORMATION | |
| fixed length control field | 220531b19791978ii ||||| |||| 00| 0 eng d |
| 040 ## - CATALOGING SOURCE | |
| Transcribing agency | BDDh-ASL |
| 082 ## - DEWEY DECIMAL CLASSIFICATION NUMBER | |
| Classification number | 954.9205 |
| Item number | DAM |
| 100 1# - MAIN ENTRY--PERSONAL NAME | |
| 9 (RLIN) | 6270 |
| Personal name | Dasgupta, Sukharanjan |
| 245 1# - TITLE STATEMENT | |
| Title | Midnight Massacre in Dacca / |
| 260 ## - PUBLICATION, DISTRIBUTION, ETC. | |
| Place of publication, distribution, etc. | New Delhi: |
| Name of publisher, distributor, etc. | Vikas Publishing House Pvt. Ltd., |
| Date of publication, distribution, etc. | 1979. |
| 300 ## - PHYSICAL DESCRIPTION | |
| Extent | 142 P.: |
| Dimensions | 19 cm. |
| 504 ## - BIBLIOGRAPHY, ETC. NOTE | |
| Bibliography, etc. note | Include Index |
| 650 #0 - SUBJECT ADDED ENTRY--TOPICAL TERM | |
| Topical term or geographic name entry element | মুক্তিযুদ্ধের ইতিহাস (Liberation War of Bangladesh) Muktijuddher Itihash, Ekattor, একাত্তর, মুক্তিযুদ্ধ |
| General subdivision | মুক্তিযুদ্ধ (Muktijuddha) |
| Chronological subdivision | 1971 |
| Geographic subdivision | Bangladesh (বাংলাদেশ) |
| -- | India (ভারত) |
| -- | Pakistan (পাকিস্তান) |
| 9 (RLIN) | 936 |
| 650 #0 - SUBJECT ADDED ENTRY--TOPICAL TERM | |
| 9 (RLIN) | 6126 |
| Topical term or geographic name entry element | History of Dhaka (ঢাকার ইতিহাস) |
| 942 ## - ADDED ENTRY ELEMENTS (KOHA) | |
| Source of classification or shelving scheme | Dewey Decimal Classification |
| Koha item type | Books |
| Withdrawn status | Lost status | Source of classification or shelving scheme | Damaged status | Not for loan | Collection code | Home library | Current library | Shelving location | Date acquired | Source of acquisition | Total Checkouts | Full call number | Barcode | Date last seen | Copy number | Price effective from | Koha item type | Public note |
|---|---|---|---|---|---|---|---|---|---|---|---|---|---|---|---|---|---|---|
| Dewey Decimal Classification | Non-fiction | Asiatic Society Library | Asiatic Society Library | Dhaka Collection | 05/31/2022 | Donated by A.K.M. Azizul Haque and Prof. Husniara Huq | 954.9205 DAM | 116880 | 05/31/2022 | C-1 | 05/31/2022 | Books | RARE |